000
00212 a2200097 4500
001
13665
100
_a
Zaidi, A N
245
_a
Mojid our Science
260
_a
Lahore
_b
Qaumi Kuttab Khana
_c
090
_c
10659
_d
10659
942
_a
NUST-CAE
_c
M
_c
735
999
_c
248738
_d
248738